Trojlístek /

Příběh přátelství trojice sirotků na pozadí předválečných a válečných událostí.

Uloženo v:
Hlavní autor: Linke, Barbora (Autor)
Korporativní autor: Motto (nakladatelství)
Médium: Kniha
Jazyk:Czech
Vydáno: V Praze : Motto, 2026
Vydání:1. vydání
Témata:
Celkem bylo vypůjčeno:0x
Tagy:
Žádné tagy
LEADER 01806nam a2200349 i 4500
001 106355
003 CZ PrNK
005 20260514103659.0
007 ta
008 260430s2026 xr g 000 f cze
015 |a cnb003752123 
020 |a 9788026760696  |q (vázáno) :  |c Kč 399,00 
040 |a BOG001  |b cze  |d ABG001  |e rda 
072 7 |a 821.162.3-3  |x Česká próza  |2 Konspekt  |9 25 
080 |a 821.162.3-31  |2 MRF 
080 |a (0:82-31)  |2 MRF 
100 1 |a Linke, Barbora  |7 xx0268884  |4 aut  |9 112984 
245 1 0 |a Trojlístek /  |c Barbora Linke 
250 |a 1. vydání 
264 1 |a V Praze :  |b Motto,  |c 2026 
300 |a 260 stran ;  |c 21 cm 
336 |a text  |b txt  |2 rdacontent 
337 |a bez média  |b n  |2 rdamedia 
338 |a svazek  |b nc  |2 rdacarrier 
520 2 |a Příběh přátelství trojice sirotků na pozadí předválečných a válečných událostí.  |b Říkají si Trojlístek. Elsa, Magda a Hans vyrůstají v sirotčinci s příslibem, že je nic nerozdělí. To by se však do jejich přátelství nesměla vklínit zrada. O dvanáct let později vrcholí druhá světová válka a nad Německem se stahují bouřkové mraky. Hans z posledních sil bojuje na východní frontě proti Sovětům, před jejichž agresí Elsa prchá napříč zasněženým Pomořanskem. V Torgavě se Magda vypořádává s přítomností cizích vojáků ve vlastním domě. Jak dalekou cestu k sobě musejí dávní přátelé ujít? Nakladatelská anotace. 
655 7 |a české romány  |7 fd133974  |2 czenas  |9 54031 
655 9 |a Czech fiction  |2 eczenas 
710 2 |a Motto (nakladatelství)  |7 xx0183724  |9 117173 
910 |a UOG502 
942 |2 ddc  |c KN 
999 |d 106355 
993 |0 0  |1 421180107076  |2 ddc  |4 0  |7 0  |9 99738  |b 0  |c 107076  |d 2026-05-14  |e 0  |f DOSP  |h 399.00  |i Koupě  |l DOSP  |r 2026-05-14  |t 6  |w 2026-05-14  |y KN  |z BELET  |n